| 000 | 00448nam a2200181Ia 4500 | ||
|---|---|---|---|
| 001 | 2470 | ||
| 005 | 20260306144809.0 | ||
| 008 | 260306t2011||||xx |||||||||||||| ||spa|| | ||
| 041 | _aESP | ||
| 082 |
_a616.891 _bB34 |
||
| 100 |
_aBeck, Judith S. _eAUT |
||
| 245 | 0 |
_aTerapia cognitiva: _bconceptos básicos y profundización |
|
| 260 | _c2011 | ||
| 300 |
_a398 páginas : _c22 cm. |
||
| 650 | _aGEN | ||
| 654 | _aCPS | ||
| 942 |
_cLIB _dJUS _fJUS _2ddc _n |
||
| 999 |
_c2470 _d2470 |
||